A strategy for an effective membership retention in the Gisenyi District of the Seventh-day Adventist Church in North-West Rwanda Field / (Record no. 25250)

MARC details
000 -LEADER
fixed length control field 00694nam a22001817a 4500
003 - CONTROL NUMBER IDENTIFIER
control field AUA.1
005 - DATE AND TIME OF LATEST TRANSACTION
control field 20251119185216.0
008 - FIXED-LENGTH DATA ELEMENTS--GENERAL INFORMATION
fixed length control field 251119b |||||||| |||| 00| 0 eng d
040 ## - CATALOGING SOURCE
Transcribing agency JTL
100 ## - MAIN ENTRY--PERSONAL NAME
Personal name Nkundakoreza, Mutuyimana
245 ## - TITLE STATEMENT
Title A strategy for an effective membership retention in the Gisenyi District of the Seventh-day Adventist Church in North-West Rwanda Field /
Statement of responsibility, etc Mutuyimana Nkundakoreza
260 ## - PUBLICATION, DISTRIBUTION, ETC. (IMPRINT)
Place of publication, distribution, etc c2025.
300 ## - PHYSICAL DESCRIPTION
Extent xi, 147 leaves :
Other physical details illustrations :
Dimensions 30 cm.
610 ## - SUBJECT ADDED ENTRY--CORPORATE NAME
Corporate name or jurisdiction name as entry element Seventh-day Adventist Church :
Subordinate unit Gisenyi District, North-West Rwanda
650 ## - SUBJECT ADDED ENTRY--TOPICAL TERM
Topical term or geographic name as entry element Church membership
650 ## - SUBJECT ADDED ENTRY--TOPICAL TERM
Topical term or geographic name as entry element Discipling (Christianity)
942 ## - ADDED ENTRY ELEMENTS (KOHA)
Source of classification or shelving scheme AUA Inhouse Classification
Koha item type Dissertations
Classification part DMin
Item part .N48 2025
Holdings
Withdrawn status Lost status Source of classification or shelving scheme Damaged status Not for loan Collection code Home library Current library Shelving location Date acquired Source of acquisition Cost, normal purchase price Serial Enumeration / chronology Total Checkouts Full call number Barcode Date last seen Cost, replacement price Price effective from Koha item type
    Library of Congress Classification     JTL Research Collection Judith Thomas Library Judith Thomas Library Judith Thomas Library Research Section 19/11/2025 Theological Seminary 25.00 AUA27988   DMin .N48 2025 AUA27988 19/11/2025 25.00 19/11/2025 Dissertations